Budapest 9 Bus Stops - Statistics

General Stats
  • This quiz has been taken 15 times
  • The average score is 19 of 34
Answer Stats
Stop / Terminus % Correct
Harminckettesek tere
91%
Orczy tér
91%
Astoria M
82%
Deák Ferenc tér M
82%
Kálvin tér M
82%
Kőbánya alsó vasútállomás
82%
Kőbányai út / Könyves Kálmán körút
82%
Báthory utca / Bajcsy-Zsilinszky út
73%
Jászai Mari tér
73%
Margit híd, budai hídfő H
73%
Muzsikus cigányok parkja
73%
Nyugati pályaudvar M
73%
Óbuda, Bogdáni út
64%
Szent László tér
64%
Egészségház
55%
Eiffel Műhelyház
55%
Kőbánya alsó vasútállomás (Mázsa tér)
55%
Kőbányai út 31.
55%
Kolosy tér
55%
Szent István Bazilika
55%
Zsigmond tér
55%
Arany János utca M
45%
Flórián tér
45%
Horváth Mihály tér
45%
Kálvária tér
45%
Liget tér
45%
Szentkirályi utca
45%
Bogdáni út
36%
Császár-Komjádi uszoda
36%
Nagyszombat utca
36%
Kiscelli utca
27%
Tímár utca
27%
Raktár utca
18%
Galagonya utca
9%
No matching quizzes found
Score Distribution
Percent of People with Each Score
Percentile by Number Answered
Your Score History
You have not taken this quiz